000
00425nam a2200133Ia 4500
008
100328s9999 xx 000 0 und d
082
_b
41582
100
_a
कुलकर्णी कल्पना
245
_a
तस्मात क्षमस्व
260
_b
शब्दांगण
630
_a
तस्मात क्षमस्व
730
_a
तस्मात क्षमस्व
942
_c
BOOK
999
_c
530157
_d
530154